000 01386dam0a2200325 i 4500
001 RU\NLR\bibl\459783
005 20241213170433.0
010 _a5-16-001595-7
_930000
021 _aRU
_b2003-18789п
_9729
035 _a(NLR Aleph) 000453253
090 _a13279908
_c13279908
100 _a20030910d2003 u a0rusy50 ca
101 0 _arus
102 _aRU
105 _ay |||||||||
200 1 _aО естественных монополиях
_e[Федерал. закон Рос. Федерации от 17 авг. 1995 г. N 147-Ф3
_eПринят Гос. Думой 19 июля 1995 г.]
210 _aМ.
_cИНФРА-М
_d2003
215 _a16 с.
_d20
225 1 _aФедеральный закон
_vВып. 81 (156)
500 1 0 _aЗаконы
606 0 _aЕстественные монополии
_jЗаконы, постановления и т.п.
_yРоссийская Федерация
_92258733
_3RU\NLR\auth\661354462
606 0 _aЕстественные монополии
_jЗаконодательные материалы
_yРоссийская Федерация
_92258733
_3RU\NLR\auth\661354462
686 _aХ623.012.09-39(2Р)
710 0 1 _aРоссийская Федерация
_4070
801 0 _aRU
_bNLR
_c20031114
_gPSBO
801 1 _aRU
_bNLR
_c20031114
852 _aNLR
_jП22/7754
942 _cBOOK